[Event "Titled Tuesday intern op 10th Aug"]
[Site "Chess.com INT"]
[Date "2021.08.10"]
[Round "11"]
[White "Maly, Alexey"]
[Black "Zhigalko, Sergei"]
[Result "1/2-1/2"]
[WhiteElo "2370"]
[BlackElo "2572"]
[PlyCount "279"]
[EventDate "2021.08.10"]
[EventType "swiss (blitz)"]
[EventRounds "11"]
[EventCountry "USA"]
[SourceTitle "CBM 203 Extra"]
[Source "ChessBase"]
[SourceDate "2021.09.30"]
[SourceVersion "1"]
[SourceVersionDate "2021.09.30"]
[SourceQuality "1"]

1. e3 e5 2. d4 e4 3. c4 Nf6 4. Nc3 Bb4 5. Bd2 Qe7 6. Nge2 c6 7. d5 O-O 8. a3 Bd6 9. Nd4 g6 10. g4 Be5 11. Be2 c5 12. Nc2 g5 13. h4 h6 14. hxg5 hxg5 15. Kf1 d6 16. Kg2 Qd7 17. Rh3 Nxg4 18. Nxe4 Re8 19. Qh1 Bxb2 20. Bc3 Bxc3 21. Nxc3 Kf8 22. Rh8+ Ke7 23. Rxe8+ Qxe8 24. Qh5 Nf6 25. Qxg5 Nbd7 26. Rh1 Qg8 27. Qxg8 Nxg8 28. f4 Ndf6 29. e4 Bd7 30. Kg3 Re8 31. Bf3 Kf8 32. Ne3 Bc8 33. Ng4 Nxg4 34. Bxg4 Bxg4 35. Kxg4 Kg7 36. Kg5 Ne7 37. Re1 Ng6 38. Nb5 Rd8 39. Nxa7 Ra8 40. Nb5 Rd8 41. e5 dxe5 42. fxe5 Nxe5 43. Re4 Ng6 44. Kf5 Rd7 45. d6 Rd8 46. a4 Rd7 47. a5 Rd8 48. Re2 Nf8 49. Re7 Nd7 50. Nc7 Nf6 51. Ke5 Nd7+ 52. Kd5 Kf8 53. Re3 Rc8 54. Rh3 Kg7 55. Rg3+ Kf8 56. Re3 Rd8 57. Re7 Kg8 58. a6 bxa6 59. Nxa6 Nb6+ 60. Kxc5 Nxc4 61. Kxc4 Rxd6 62. Nc5 Rd1 63. Re3 Kg7 64. Nd3 Rd2 65. Kd4 Kf8 66. Kc3 Ra2 67. Kd4 Ra4+ 68. Ke5 Ra3 69. Ke4 Ra4+ 70. Kf3 Ra3 71. Ke2 Ra2+ 72. Kd1 Ra1+ 73. Nc1 Ra6 74. Ne2 Re6 75. Rf3 Ke7 76. Ke1 Rd6 77. Kf2 Rf6 78. Nf4 Kf8 79. Kg3 Ra6 80. Re3 Ra5 81. Kg4 Rb5 82. Rd3 Ra5 83. Rd6 Rb5 84. Rc6 Re5 85. Rc7 Ra5 86. Nh3 Ra4+ 87. Kh5 Ra5+ 88. Ng5 f6 89. Rf7+ Ke8 90. Rxf6 Ke7 91. Re6+ Kd7 92. Rf6 Ke7 93. Kg6 Ra1 94. Re6+ Kd7 95. Re3 Rd1 96. Kf6 Kd6 97. Nf7+ Kd7 98. Re7+ Kc6 99. Ne5+ Kc5 100. Rc7+ Kb4 101. Ke6 Kb5 102. Rc2 Kb4 103. Nf3 Kb3 104. Rc8 Rd3 105. Ne5 Rd1 106. Kf5 Kb4 107. Ke4 Kb5 108. Nd3 Rd2 109. Kd4 Rd1 110. Rc2 Kb6 111. Ke4 Kb5 112. Rc5+ Kb6 113. Rc3 Kb5 114. Kd5 Kb6 115. Rb3+ Kc7 116. Kc4 Kd6 117. Nb4 Rc1+ 118. Kd3 Rd1+ 119. Kc4 Rh1 120. Nd3 Rh4+ 121. Kc3 Kd5 122. Rb5+ Kc6 123. Rf5 Kd6 124. Nf4 Rg4 125. Kd4 Rh4 126. Rf6+ Kc7 127. Kc5 Rh1 128. Rf7+ Kd8 129. Nd5 Ke8 130. Rf4 Re1 131. Kd6 Rd1 132. Rf5 Rd2 133. Rf1 Rd3 134. Rf4 Rd1 135. Re4+ Kf7 136. Ke5 Kg7 137. Rf4 Kg6 138. Ne7+ Kg5 139. Re4 Ra1 140. Nd5 1/2-1/2

[Event "Speed Chess GP2"]
[Site "Chess.com INT"]
[Date "2021.09.25"]
[Round "1"]
[White "Zhigalko, Sergei"]
[Black "Issani, Nameer"]
[Result "1-0"]
[WhiteElo "2572"]
[BlackElo "2070"]
[PlyCount "51"]
[EventDate "2021.09.25"]
[EventType "swiss (blitz)"]
[EventRounds "10"]
[EventCountry "USA"]
[SourceTitle "CBM 204 Extra"]
[Source "ChessBase"]
[SourceDate "2022.09.12"]
[SourceVersion "1"]
[SourceVersionDate "2022.09.12"]
[SourceQuality "1"]

1. e4 e5 2. Nf3 Nc6 3. Bc4 Bc5 4. b4 Bxb4 5. c3 Bd6 6. d4 Nf6 7. O-O O-O 8. Re1 b6 9. Bg5 h6 10. Bh4 Be7 11. dxe5 Ng4 12. Bg3 d6 13. Bd5 Bb7 14. exd6 cxd6 15. Nd4 Nxd4 16. Bxb7 Rb8 17. cxd4 h5 18. Bd5 Kh7 19. Nc3 Qd7 20. h3 Nf6 21. e5 dxe5 22. dxe5 Bb4 23. exf6 Bxc3 24. Qd3+ g6 25. Qxc3 Qxd5 26. Bxb8 1-0

[Event "Speed Chess GP2"]
[Site "Chess.com INT"]
[Date "2021.09.25"]
[Round "2"]
[White "Lysyj, Igor"]
[Black "Zhigalko, Sergei"]
[Result "1-0"]
[WhiteElo "2603"]
[BlackElo "2572"]
[PlyCount "63"]
[EventDate "2021.09.25"]
[EventType "swiss (blitz)"]
[EventRounds "10"]
[EventCountry "USA"]
[SourceTitle "CBM 204 Extra"]
[Source "ChessBase"]
[SourceDate "2022.09.12"]
[SourceVersion "1"]
[SourceVersionDate "2022.09.12"]
[SourceQuality "1"]

1. d4 Nf6 2. c4 e6 3. Nf3 b6 4. g3 Ba6 5. Qc2 Bb4+ 6. Bd2 Be7 7. e4 d5 8. cxd5 Bxf1 9. Kxf1 exd5 10. e5 Ne4 11. h4 Qd7 12. Kg2 c5 13. Nc3 Nxc3 14. bxc3 Nc6 15. Be3 Rc8 16. Qd3 cxd4 17. Bxd4 Nd8 18. Ng5 Ne6 19. Nxh7 g6 20. Ng5 Bxg5 21. hxg5 Rxh1 22. Rxh1 Nxg5 23. Be3 Ne4 24. Rh8+ Ke7 25. Rxc8 Qxc8 26. Qxd5 Nxc3 27. Qd6+ Ke8 28. Bg5 Qa8+ 29. f3 Nd5 30. e6 fxe6 31. Qxe6+ Kf8 32. Bh6# 1-0

[Event "Speed Chess GP2"]
[Site "Chess.com INT"]
[Date "2021.09.25"]
[Round "3"]
[White "Zhigalko, Sergei"]
[Black "Aldokhin, Ivan"]
[Result "1-0"]
[WhiteElo "2572"]
[BlackElo "2413"]
[PlyCount "43"]
[EventDate "2021.09.25"]
[EventType "swiss (blitz)"]
[EventRounds "10"]
[EventCountry "USA"]
[SourceTitle "CBM 204 Extra"]
[Source "ChessBase"]
[SourceDate "2022.09.12"]
[SourceVersion "1"]
[SourceVersionDate "2022.09.12"]
[SourceQuality "1"]

1. e4 c5 2. Nf3 e6 3. c3 Nf6 4. e5 Nd5 5. Bc4 d6 6. d4 Nc6 7. O-O Be7 8. Qe2 O-O 9. Rd1 cxd4 10. cxd4 Nb6 11. Bb3 a5 12. Nc3 a4 13. Bc2 Nb4 14. Bb1 a3 15. bxa3 N4d5 16. Ne4 dxe5 17. dxe5 Bxa3 18. Qd3 f5 19. Bxa3 fxe4 20. Qxe4 Rf5 21. Bc5 Ra4 22. Qe2 1-0

[Event "Speed Chess GP2"]
[Site "Chess.com INT"]
[Date "2021.09.25"]
[Round "4"]
[White "Zhigalko, Sergei"]
[Black "Chasin, Nico Werner"]
[Result "0-1"]
[WhiteElo "2572"]
[BlackElo "2240"]
[PlyCount "132"]
[EventDate "2021.09.25"]
[EventType "swiss (blitz)"]
[EventRounds "10"]
[EventCountry "USA"]
[SourceTitle "CBM 204 Extra"]
[Source "ChessBase"]
[SourceDate "2022.09.12"]
[SourceVersion "1"]
[SourceVersionDate "2022.09.12"]
[SourceQuality "1"]

1. e4 c5 2. Nf3 e6 3. c3 Nf6 4. e5 Nd5 5. Bc4 d6 6. d4 Nc6 7. O-O Be7 8. Qe2 dxe5 9. dxe5 O-O 10. Rd1 Qc7 11. Bd3 Rd8 12. a3 b6 13. c4 Ba6 14. cxd5 Bxd3 15. Rxd3 exd5 16. Nc3 d4 17. Nb5 Qd7 18. Bf4 h6 19. Re1 Qf5 20. Bg3 Rac8 21. h3 c4 22. Rxd4 Nxd4 23. Nbxd4 Qd3 24. e6 Qxe2 25. Rxe2 fxe6 26. Nxe6 Rd1+ 27. Kh2 Bf6 28. Nc7 Rd7 29. Nb5 Rc5 30. Nd6 c3 31. bxc3 Rxc3 32. a4 Kh7 33. Ne4 Rc4 34. Nxf6+ gxf6 35. a5 bxa5 36. Re6 Kg7 37. Ra6 Rc5 38. Bf4 h5 39. Be3 Rb5 40. Bxa7 Rbd5 41. Be3 Kf7 42. Ne1 R7d6 43. Ra7+ Rd7 44. Ra8 Rd8 45. Ra7+ R8d7 46. Ra8 Rd8 47. Rxd8 Rxd8 48. Bb6 Rd5 49. Nc2 Rb5 50. Bd8 a4 51. Nd4 a3 52. Nxb5 a2 53. Bc7 a1=Q 54. Bg3 Qb2 55. Nd6+ Kg6 56. Nc4 Qd4 57. Ne3 h4 58. Bb8 Qd2 59. Kg1 Qe1+ 60. Nf1 Kf5 61. Ba7 Ke4 62. f3+ Kd3 63. Bf2 Qd1 64. Bxh4 Ke2 65. Kh2 Qxf1 66. Bxf6 Qe1 0-1

[Event "Speed Chess GP2"]
[Site "Chess.com INT"]
[Date "2021.09.25"]
[Round "5"]
[White "Ambartsumova, Karina"]
[Black "Zhigalko, Sergei"]
[Result "1-0"]
[WhiteElo "2382"]
[BlackElo "2572"]
[PlyCount "79"]
[EventDate "2021.09.25"]
[EventType "swiss (blitz)"]
[EventRounds "10"]
[EventCountry "USA"]
[SourceTitle "CBM 204 Extra"]
[Source "ChessBase"]
[SourceDate "2022.09.12"]
[SourceVersion "1"]
[SourceVersionDate "2022.09.12"]
[SourceQuality "1"]

1. d4 Nf6 2. Nf3 e6 3. c4 b6 4. g3 Ba6 5. Qc2 Bb4+ 6. Nbd2 Bb7 7. Bg2 Be4 8. Qb3 Bxd2+ 9. Bxd2 O-O 10. O-O d6 11. Qe3 Nbd7 12. Bc3 Re8 13. Qd2 a5 14. h3 Qb8 15. b3 Qb7 16. Rfd1 h6 17. Rac1 a4 18. Qb2 Ra7 19. Ne1 Bxg2 20. Nxg2 Ne4 21. Be1 Rea8 22. b4 b5 23. c5 Ra6 24. Qc2 Ndf6 25. h4 dxc5 26. dxc5 Rc6 27. Qd3 a3 28. f3 Nxg3 29. Bxg3 Nd5 30. Rb1 Ra4 31. Qd2 Rca6 32. e4 Nf6 33. Qd8+ Kh7 34. Qxc7 Qa8 35. Rd8 Qa7 36. Qxa7 Rxa7 37. c6 Nh5 38. Bd6 f5 39. c7 Nf6 40. c8=Q 1-0

[Event "Speed Chess GP2"]
[Site "Chess.com INT"]
[Date "2021.09.25"]
[Round "6"]
[White "Zhigalko, Sergei"]
[Black "Viana da Costa, Fernando"]
[Result "1-0"]
[WhiteElo "2572"]
[BlackElo "2300"]
[PlyCount "23"]
[EventDate "2021.09.25"]
[EventType "swiss (blitz)"]
[EventRounds "10"]
[EventCountry "USA"]
[SourceTitle "CBM 204 Extra"]
[Source "ChessBase"]
[SourceDate "2022.09.12"]
[SourceVersion "1"]
[SourceVersionDate "2022.09.12"]
[SourceQuality "1"]

1. e4 c5 2. Nf3 Nc6 3. c3 d5 4. exd5 Qxd5 5. d4 Bg4 6. dxc5 Qxc5 7. Na3 Nf6 8. Nb5 Rc8 9. Be3 Qf5 10. Nxa7 Nxa7 11. Bxa7 e6 12. Qa4+ 1-0

[Event "Speed Chess GP2"]
[Site "Chess.com INT"]
[Date "2021.09.25"]
[Round "7"]
[White "Harshavardhan, GB."]
[Black "Zhigalko, Sergei"]
[Result "1-0"]
[WhiteElo "2397"]
[BlackElo "2572"]
[PlyCount "69"]
[EventDate "2021.09.25"]
[EventType "swiss (blitz)"]
[EventRounds "10"]
[EventCountry "USA"]
[SourceTitle "CBM 204 Extra"]
[Source "ChessBase"]
[SourceDate "2022.09.12"]
[SourceVersion "1"]
[SourceVersionDate "2022.09.12"]
[SourceQuality "1"]

1. d4 Nf6 2. c4 e6 3. Nf3 b6 4. a3 Ba6 5. Qc2 Bb7 6. Nc3 c5 7. d5 exd5 8. cxd5 Nxd5 9. Bg5 Nf6 10. e4 Be7 11. Bc4 O-O 12. e5 Nh5 13. h4 Bxf3 14. gxf3 Nc6 15. f4 Nd4 16. Qe4 Kh8 17. O-O-O f5 18. exf6 Nxf6 19. Bxf6 Rxf6 20. Bd3 Rh6 21. Nd5 Bd6 22. Rde1 Qf8 23. f5 Rd8 24. Rhg1 Nc6 25. f4 Nd4 26. Kb1 Rxh4 27. f6 g6 28. Rh1 Nf5 29. Rxh4 Nxh4 30. Qh1 Qh6 31. Bb5 Rf8 32. Bxd7 Nf5 33. Qe4 Ng3 34. Qe6 Nf5 35. Ne7 1-0

[Event "Speed Chess GP2"]
[Site "Chess.com INT"]
[Date "2021.09.25"]
[Round "8"]
[White "Silvestre, Christian"]
[Black "Zhigalko, Sergei"]
[Result "0-1"]
[WhiteElo "1942"]
[BlackElo "2572"]
[PlyCount "76"]
[EventDate "2021.09.25"]
[EventType "swiss (blitz)"]
[EventRounds "10"]
[EventCountry "USA"]
[SourceTitle "CBM 204 Extra"]
[Source "ChessBase"]
[SourceDate "2022.09.12"]
[SourceVersion "1"]
[SourceVersionDate "2022.09.12"]
[SourceQuality "1"]

1. d4 Nf6 2. Nf3 e6 3. Bf4 b6 4. e3 Bb7 5. Bd3 Nh5 6. Bg5 Be7 7. Bxe7 Qxe7 8. Qe2 O-O 9. a4 a6 10. c3 f5 11. Nbd2 d6 12. g3 Nd7 13. e4 fxe4 14. Nxe4 Nhf6 15. Nfg5 e5 16. O-O-O Nxe4 17. Nxe4 exd4 18. Rhe1 d5 19. Nd2 Qxe2 20. Rxe2 Nc5 21. Bb1 dxc3 22. bxc3 Nxa4 23. Kc2 Nc5 24. Re7 Rxf2 25. Rxc7 Rxh2 26. Ba2 Rd8 27. Rb1 Ne4 28. Rd1 Nc5 29. Rb1 Bc8 30. Re1 Bf5+ 31. Kd1 Bg4+ 32. Kc2 Bf5+ 33. Kd1 Ne4 34. Nxe4 Rxa2 35. Nd6 Bg4+ 36. Kc1 Ra1+ 37. Kd2 Rxe1 38. Kxe1 Rxd6 0-1

[Event "Speed Chess GP2"]
[Site "Chess.com INT"]
[Date "2021.09.25"]
[Round "9"]
[White "Zhigalko, Sergei"]
[Black "Amgalantengis, Enkh Amgalan"]
[Result "0-1"]
[WhiteElo "2572"]
[BlackElo "1878"]
[PlyCount "76"]
[EventDate "2021.09.25"]
[EventType "swiss (blitz)"]
[EventRounds "10"]
[EventCountry "USA"]
[SourceTitle "CBM 204 Extra"]
[Source "ChessBase"]
[SourceDate "2022.09.12"]
[SourceVersion "1"]
[SourceVersionDate "2022.09.12"]
[SourceQuality "1"]

1. e4 c6 2. d4 d5 3. e5 Bf5 4. Nf3 e6 5. Be2 Nd7 6. O-O Ne7 7. Nbd2 Bg6 8. a4 Nf5 9. a5 Be7 10. c3 O-O 11. g4 Nh4 12. Nxh4 Bxh4 13. f4 f5 14. exf6 Bxf6 15. g5 Be7 16. Bg4 Bf5 17. Re1 Bd6 18. Nf1 Qc7 19. Rxe6 Bxe6 20. Bxe6+ Kh8 21. Qg4 Rad8 22. f5 Rde8 23. Bd2 Re7 24. Re1 Rfe8 25. Re3 Nf8 26. Rh3 g6 27. c4 Nxe6 28. fxe6 Rxe6 29. c5 Bf8 30. Bf4 Qf7 31. Qh4 Kg8 32. Be5 Rxe5 33. dxe5 Bxc5+ 34. Kg2 Rxe5 35. Rf3 Re2+ 36. Kg3 Bd6+ 37. Kg4 Re4+ 38. Kh3 Qxf3+ 0-1

[Event "Speed Chess GP2"]
[Site "Chess.com INT"]
[Date "2021.09.25"]
[Round "10"]
[White "Romanchuk, Viktor"]
[Black "Zhigalko, Sergei"]
[Result "0-1"]
[WhiteElo "2266"]
[BlackElo "2572"]
[PlyCount "74"]
[EventDate "2021.09.25"]
[EventType "swiss (blitz)"]
[EventRounds "10"]
[EventCountry "USA"]
[SourceTitle "CBM 204 Extra"]
[Source "ChessBase"]
[SourceDate "2022.09.12"]
[SourceVersion "1"]
[SourceVersionDate "2022.09.12"]
[SourceQuality "1"]

1. d4 Nf6 2. c4 e6 3. Nc3 Bb4 4. e3 O-O 5. Nge2 d5 6. a3 Be7 7. cxd5 exd5 8. Nf4 c6 9. Bd3 Re8 10. O-O Nbd7 11. b4 b5 12. e4 dxe4 13. Nxe4 Nb6 14. Nc5 Bg4 15. Qc2 Qxd4 16. Be3 Qe5 17. h3 Bh5 18. Nxh5 Qxh5 19. Na6 Rac8 20. Rad1 Nfd5 21. Bc1 Bf6 22. Rde1 g6 23. Rxe8+ Rxe8 24. Qxc6 Re6 25. Qxb5 Bg5 26. Bxg5 Qxg5 27. Nc7 Re5 28. Nxd5 Nxd5 29. Bc4 Nf4 30. Qb8+ Kg7 31. g3 Nxh3+ 32. Kh2 Nf4 33. Qxa7 Qh5+ 34. Kg1 Nh3+ 35. Kg2 Ng5 36. Qd4 Qh3+ 37. Kg1 Nf3# 0-1

[Event "Speed Chess GP3"]
[Site "Chess.com INT"]
[Date "2021.10.02"]
[Round "1"]
[White "Demin, Vladimir"]
[Black "Zhigalko, Sergei"]
[Result "1/2-1/2"]
[WhiteElo "2430"]
[BlackElo "2572"]
[PlyCount "127"]
[EventDate "2021.10.02"]
[EventType "swiss (blitz)"]
[EventRounds "10"]
[EventCountry "USA"]
[SourceTitle "CBM 204 Extra"]
[Source "ChessBase"]
[SourceDate "2022.09.12"]
[SourceVersion "1"]
[SourceVersionDate "2022.09.12"]
[SourceQuality "1"]

1. e4 c5 2. Nf3 Nc6 3. c3 Nf6 4. e5 Nd5 5. d4 cxd4 6. cxd4 d6 7. Bc4 Nb6 8. Bb5 d5 9. h3 Bf5 10. Nc3 e6 11. O-O Rc8 12. Be3 a6 13. Bd3 Bxd3 14. Qxd3 Be7 15. Rac1 Nc4 16. b3 Nxe3 17. fxe3 Ba3 18. Rcd1 O-O 19. Nb1 Be7 20. a3 Qb6 21. b4 Na7 22. Nc3 Rc7 23. Rc1 Rfc8 24. Rc2 Nb5 25. Na4 Qa7 26. Rfc1 Qb8 27. Rxc7 Rxc7 28. Rxc7 Qxc7 29. Nc5 h6 30. a4 Na7 31. e4 dxe4 32. Qxe4 Nc6 33. Kh1 Nxb4 34. Qxb7 Qxb7 35. Nxb7 Kf8 36. Nd2 Ke8 37. Nb3 Kd7 38. N7a5 Nc6 39. Nb7 Kc7 40. N7c5 Bxc5 41. Nxc5 a5 42. Nb3 Kb6 43. Kg1 Nb4 44. Kf2 Nd3+ 45. Ke3 Nb2 46. Nc5 Kc6 47. Ke4 h5 48. g4 hxg4 49. hxg4 g5 50. Ke3 Kd5 51. Nb7 Nxa4 52. Nxa5 Nb2 53. Nb3 Nd1+ 54. Ke2 Nb2 55. Ke3 Nd1+ 56. Ke2 Nc3+ 57. Kd3 Nb5 58. Ke3 Na7 59. Nc5 Nc6 60. Nb3 Kc4 61. Nd2+ Kd5 62. Nb3 Ne7 63. Nd2 Nc6 64. Nb3 1/2-1/2

[Event "Speed Chess GP3"]
[Site "Chess.com INT"]
[Date "2021.10.02"]
[Round "2"]
[White "Zhigalko, Sergei"]
[Black "Parkhov, Yair"]
[Result "1-0"]
[WhiteElo "2572"]
[BlackElo "2434"]
[PlyCount "115"]
[EventDate "2021.10.02"]
[EventType "swiss (blitz)"]
[EventRounds "10"]
[EventCountry "USA"]
[SourceTitle "CBM 204 Extra"]
[Source "ChessBase"]
[SourceDate "2022.09.12"]
[SourceVersion "1"]
[SourceVersionDate "2022.09.12"]
[SourceQuality "1"]

1. e4 c6 2. d4 d5 3. e5 Bf5 4. Nf3 e6 5. Be2 c5 6. Be3 cxd4 7. Nxd4 Ne7 8. Nd2 Nbc6 9. N2f3 Be4 10. O-O Nf5 11. Nxf5 Bxf5 12. c4 dxc4 13. Bxc4 Be7 14. Bb5 O-O 15. Bxc6 bxc6 16. Qa4 c5 17. Rfd1 Qb6 18. b3 Rfd8 19. Rd7 Rxd7 20. Qxd7 Qd8 21. Rd1 a5 22. Qxd8+ Rxd8 23. Rxd8+ Bxd8 24. Bxc5 Bc7 25. Bd6 Bb6 26. Nd2 Bd3 27. Nc4 Bd8 28. f4 a4 29. Kf2 f5 30. Ke3 axb3 31. axb3 Be4 32. g3 Bd5 33. Kd4 Kf7 34. b4 g5 35. b5 gxf4 36. gxf4 Bh4 37. Na5 Bf2+ 38. Kd3 Bg1 39. h3 Bh2 40. b6 Bxf4 41. b7 Be4+ 42. Kd4 Bxb7 43. Nxb7 Ke8 44. Nc5 Kf7 45. Kd3 Bg3 46. Ke2 Bf4 47. Kf3 Bc1 48. Nb7 Ke8 49. Nc5 Kf7 50. Ke2 Bb2 51. Kd3 Bc1 52. Nb7 Ke8 53. Kc4 Be3 54. Nc5 Bg1 55. Nxe6 Kd7 56. Nd4 f4 57. Nf3 Be3 58. Kd5 1-0

[Event "Speed Chess GP3"]
[Site "Chess.com INT"]
[Date "2021.10.02"]
[Round "3"]
[White "Zhigalko, Sergei"]
[Black "Cardoso Cardoso, Jose Gabriel"]
[Result "1-0"]
[WhiteElo "2572"]
[BlackElo "2447"]
[PlyCount "95"]
[EventDate "2021.10.02"]
[EventType "swiss (blitz)"]
[EventRounds "10"]
[EventCountry "USA"]
[SourceTitle "CBM 204 Extra"]
[Source "ChessBase"]
[SourceDate "2022.09.12"]
[SourceVersion "1"]
[SourceVersionDate "2022.09.12"]
[SourceQuality "1"]

1. e4 g6 2. d4 c6 3. Nc3 d5 4. Nf3 dxe4 5. Nxe4 Nf6 6. Bd3 Nxe4 7. Bxe4 Bf5 8. Bxf5 Qa5+ 9. c3 Qxf5 10. O-O Nd7 11. Re1 e6 12. Qb3 b6 13. Ne5 Nxe5 14. Rxe5 Qd3 15. Bg5 Kd7 16. Rd1 Qa6 17. d5 Bd6 18. dxe6+ Kc7 19. Rxd6 Kxd6 20. Bf4 Qc8 21. exf7 Qg4 22. g3 Kd7 23. f3 Qh3 24. Qd1+ Kc8 25. Re7 Qf5 26. Rc7+ Kb8 27. Re7+ Kc8 28. Rc7+ Kb8 29. f8=Q+ Rxf8 30. Rf7+ Kc8 31. Rxf5 Rxf5 32. Qd6 Kb7 33. Qd7+ Ka6 34. Qxc6 Rd8 35. Qa4+ Kb7 36. Qe4+ Ka6 37. Qe2+ Kb7 38. c4 Rd7 39. b4 Rff7 40. Qe4+ Ka6 41. b5+ Ka5 42. Qe1+ Ka4 43. Bd2 Rxf3 44. Qd1+ Ka3 45. Qxf3+ Kxa2 46. Qc3 Kb1 47. Qb3+ Ka1 48. Bc3# 1-0

[Event "Speed Chess GP3"]
[Site "Chess.com INT"]
[Date "2021.10.02"]
[Round "4"]
[White "Har Zvi, Ronen"]
[Black "Zhigalko, Sergei"]
[Result "1-0"]
[WhiteElo "2513"]
[BlackElo "2572"]
[PlyCount "59"]
[EventDate "2021.10.02"]
[EventType "swiss (blitz)"]
[EventRounds "10"]
[EventCountry "USA"]
[SourceTitle "CBM 204 Extra"]
[Source "ChessBase"]
[SourceDate "2022.09.12"]
[SourceVersion "1"]
[SourceVersionDate "2022.09.12"]
[SourceQuality "1"]

1. Nf3 d5 2. d4 e6 3. Bf4 Bd6 4. Bg3 Nf6 5. e3 O-O 6. c4 b6 7. cxd5 Nxd5 8. Bd3 Bb7 9. O-O Nd7 10. Nbd2 Bxg3 11. hxg3 c5 12. Rc1 Qe7 13. a3 Rfd8 14. Qe2 cxd4 15. Nxd4 Nc5 16. Bb5 Rac8 17. b4 Nd7 18. Ba6 Nc3 19. Rxc3 Rxc3 20. Bxb7 Ne5 21. N2f3 Qxb7 22. Nxe5 Rdc8 23. b5 R8c5 24. Nd3 R5c4 25. Nb4 Rc1 26. Ndc6 h6 27. Qd2 Rxf1+ 28. Kxf1 Qc7 29. Na6 Qc8 30. Ne7+ 1-0

[Event "Speed Chess GP3"]
[Site "Chess.com INT"]
[Date "2021.10.02"]
[Round "5"]
[White "Zhigalko, Sergei"]
[Black "Christiansen, Johan Sebastian"]
[Result "1-0"]
[WhiteElo "2572"]
[BlackElo "2582"]
[PlyCount "55"]
[EventDate "2021.10.02"]
[EventType "swiss (blitz)"]
[EventRounds "10"]
[EventCountry "USA"]
[SourceTitle "CBM 204 Extra"]
[Source "ChessBase"]
[SourceDate "2022.09.12"]
[SourceVersion "1"]
[SourceVersionDate "2022.09.12"]
[SourceQuality "1"]

1. e4 e5 2. Nf3 Nc6 3. Bc4 Nf6 4. d3 Be7 5. O-O O-O 6. Nbd2 d6 7. c3 Kh8 8. Re1 Ng8 9. d4 f5 10. dxe5 fxe4 11. Nxe4 Rxf3 12. exd6 cxd6 13. Bxg8 Rf8 14. Bd5 Ne5 15. Be3 Bg4 16. Qb3 a5 17. a4 Bh4 18. Bd4 Nd3 19. Qxb7 Rg8 20. Bxg8 Qxg8 21. Bxg7+ Qxg7 22. Qxa8+ Qg8 23. Qxg8+ Kxg8 24. h3 Nxe1 25. Rxe1 Bd7 26. Nxd6 Bxa4 27. Re4 Be7 28. Rxe7 1-0

[Event "Speed Chess GP3"]
[Site "Chess.com INT"]
[Date "2021.10.02"]
[Round "6"]
[White "Aitbayev, Aslan"]
[Black "Zhigalko, Sergei"]
[Result "0-1"]
[WhiteElo "2427"]
[BlackElo "2572"]
[PlyCount "128"]
[EventDate "2021.10.02"]
[EventType "swiss (blitz)"]
[EventRounds "10"]
[EventCountry "USA"]
[SourceTitle "CBM 204 Extra"]
[Source "ChessBase"]
[SourceDate "2022.09.12"]
[SourceVersion "1"]
[SourceVersionDate "2022.09.12"]
[SourceQuality "1"]

1. e4 c5 2. Nf3 Nc6 3. Bb5 Nf6 4. e5 Nd5 5. O-O Nc7 6. Bxc6 dxc6 7. h3 h6 8. Nc3 Bf5 9. d3 Ne6 10. Qe2 g5 11. Ne4 Bg7 12. c3 Qd5 13. c4 Qd7 14. Be3 Bxe4 15. dxe4 Qc7 16. Rad1 Bxe5 17. Rfe1 Bg7 18. e5 O-O 19. h4 g4 20. Nh2 h5 21. Bc1 Rad8 22. Rxd8 Rxd8 23. Nf1 Qd7 24. Ng3 Qd3 25. Qxd3 Rxd3 26. Kh2 Kh7 27. Nxh5 Bh6 28. Bxh6 Kxh6 29. Ng3 Rd2 30. Re2 Rxe2 31. Nxe2 Nd4 32. Nf4 Nf5 33. g3 Nd4 34. Kg2 e6 35. Kf1 Nf3 36. Nd3 b6 37. Ke2 Kg6 38. Ke3 Kf5 39. b3 a5 40. Ke2 Ke4 41. h5 Kf5 42. Ke3 Kg5 43. Nf4 Nxe5 44. Ke4 Nf3 45. Nd3 Kxh5 46. a3 Kg5 47. b4 cxb4 48. axb4 a4 49. b5 cxb5 50. cxb5 a3 51. Nb4 f5+ 52. Kd3 f4 53. Ke4 fxg3 54. fxg3 e5 55. Na2 Kf6 56. Nb4 Ke6 57. Na2 Ng5+ 58. Kd3 Kd5 59. Nb4+ Kc5 60. Nc2 a2 61. Kc3 Ne4+ 62. Kb3 Nxg3 63. Kxa2 Nf5 64. Ne3 Nxe3 0-1

[Event "Speed Chess GP3"]
[Site "Chess.com INT"]
[Date "2021.10.02"]
[Round "8"]
[White "Zhigalko, Sergei"]
[Black "Pichot, Alan"]
[Result "1-0"]
[WhiteElo "2572"]
[BlackElo "2628"]
[PlyCount "99"]
[EventDate "2021.10.02"]
[EventType "swiss (blitz)"]
[EventRounds "10"]
[EventCountry "USA"]
[SourceTitle "CBM 204 Extra"]
[Source "ChessBase"]
[SourceDate "2022.09.12"]
[SourceVersion "1"]
[SourceVersionDate "2022.09.12"]
[SourceQuality "1"]

1. e4 c5 2. Nf3 e6 3. c3 Nf6 4. e5 Nd5 5. Bc4 Nc6 6. d4 cxd4 7. cxd4 d6 8. O-O Be7 9. Bd2 Nb6 10. Bb3 O-O 11. Nc3 dxe5 12. dxe5 Nd4 13. Be3 Nf5 14. Qe2 Bd7 15. Rfd1 Qe8 16. Nd4 Nxe3 17. Qxe3 Rc8 18. Rd3 Nc4 19. Qe2 b5 20. Rh3 Rc5 21. f4 g6 22. Rd1 Qc8 23. Rhd3 Rd8 24. Kh1 a6 25. Ne4 Rd5 26. Nc3 Rc5 27. h3 Be8 28. a3 Qa8 29. Ne4 Rcd5 30. Bxc4 bxc4 31. R3d2 Qa7 32. Nf3 Bc6 33. Qxc4 Rxd2 34. Rxd2 Bd5 35. Qe2 Rc8 36. Kh2 Rc1 37. Nf6+ Bxf6 38. exf6 h6 39. Rxd5 Qc7 40. Re5 Rc2 41. Qxa6 Rxb2 42. Qd3 Qb6 43. Qe3 Qd6 44. Qd4 Qc7 45. Kg3 Qb7 46. Qe4 Qc7 47. Qd3 Kh7 48. Re2 Rb7 49. Rc2 Rb8 50. Rxc7 1-0

[Event "Speed Chess GP3"]
[Site "Chess.com INT"]
[Date "2021.10.02"]
[Round "9"]
[White "Kamsky, Gata"]
[Black "Zhigalko, Sergei"]
[Result "1/2-1/2"]
[WhiteElo "2662"]
[BlackElo "2572"]
[PlyCount "72"]
[EventDate "2021.10.02"]
[EventType "swiss (blitz)"]
[EventRounds "10"]
[EventCountry "USA"]
[SourceTitle "CBM 204 Extra"]
[Source "ChessBase"]
[SourceDate "2022.09.12"]
[SourceVersion "1"]
[SourceVersionDate "2022.09.12"]
[SourceQuality "1"]

1. e4 c5 2. Nf3 Nc6 3. d4 cxd4 4. Nxd4 Nf6 5. Nc3 e5 6. Ndb5 d6 7. Bg5 a6 8. Na3 b5 9. Nd5 Be7 10. Bxf6 Bxf6 11. c3 Bg5 12. Be2 O-O 13. Nc2 Ne7 14. Nxe7+ Qxe7 15. O-O Bb7 16. Bf3 a5 17. Qd3 Bc6 18. Rad1 Rfd8 19. a3 g6 20. Ne3 Qa7 21. Nd5 Rab8 22. g3 b4 23. axb4 Bxd5 24. Qxd5 axb4 25. h4 Bh6 26. Ra1 Qc5 27. Qxc5 dxc5 28. Rfd1 Bd2 29. cxb4 cxb4 30. b3 Rd4 31. Be2 Rb7 32. Ra2 Bc3 33. Rxd4 Bxd4 34. Kg2 Ra7 35. Rxa7 Bxa7 36. Bc4 Kg7 1/2-1/2